000 00489cam a2200193ua 4500
001 3219
005 20260515113642.0
008 111013n ii |||gr||||Z||||||asm
040 _cMAIN
082 _a891.4513
100 1 _aBhattacharjya, Monikuntala,
_eAuthor.
245 1 1 _aViviyanarlili
_cby Monikuntala Bhattacharjya
250 _a1st.
260 _aGuahati:
_bChandra Prakash,
_c2007.
300 _a296p:
_c23cm.
653 _aAssamese novel
653 _aViviyanarlili
942 _cBK
999 _c3063
_d3063